000 00684nam a2200253Ia 4500
003 OSt
005 20221005124627.0
006 a|||||r|||| 00| 0
007 ta
008 221004b |||||||| |||| 00| 0 ben d
020 _a8185800499 (hbk)
_c500
024 _a4046
037 _b769, 16/03/2013, Bright Book Service
_cTextual
040 _aCRL
_cCRL
_bben
041 _2ben
_aben
082 _aY15, 157Q1
100 _aSaha Jiban
_9635542
245 0 _aNari charitabhidhan
260 _c2011
300 _a634p.
_ccm.
650 _aSOCIOLOGY
942 _hY15, 157Q1
_cTEXL
_2cc
999 _c1051062
_d1051062